Guess the Reverse:1999 Character by their Card Names - Statistics

General Stats
  • This quiz has been taken 29 times
  • The average score is 42 of 109
Answer Stats
Hint Answer % Correct
A Shiny Diamond / A Bouquet of Galaxy / A Sincere Heart Tennant
88%
Feast of Lust / Twin Phantoms / Interwoven Dreams Anjo Nala
76%
Hardness Testing / Heat Treating / Over the Haight Street! J
76%
Silent Takedown / Clockwork Rats / Ridiculous Eyewitness Testimony Melania
76%
Discipline / Duty / The Revelation 6
71%
Ouroboros / Infinite Recursion / Experimental Rocketry Hissabeth
71%
Twirling Melody / Desired Freedom / Choking on Blood Isolde
71%
Little Boxer / Ignition Point / Flame Within the Fire Spathodea
71%
Triangulation / Curve Mapping / Kingdom of Geometry 37
65%
Piñata / Coughing Weirdo / Good Kids, Bad Adults Balloon Party
65%
Unmendable Cracks / Ocean in the Shell / Proverb of the Sea Fatutu
65%
Hey, Punji! / Oh, Divination! / Song of Wandering Kanjira
65%
Banish Evil / Bless Life / Call of Thunder: #0305 Liang Yue
65%
Reading Class / From the Lantern / Next Chapter Marcus
65%
Taoist Rune / Lily Nectar / Scientific Ghost Buster An-an Lee
59%
Shotgun Shower / Penetrating Eye / No Mark Unstruck Argus
59%
From the Void / Advice from the Dead / New Blooms of Life Charon
59%
Work in the Dark / Serve the Light / Branding of Faith Ezio Auditore
59%
Enchanted Strike / Mythical Meteors / Ultimate Perfection Kaalaa Baunaa
59%
Fury of Ares / Advent of Artemis / Rush Assassination Kassandra
59%
Timely Farewell / By the Coffin / Whispers of the Deceased Necrologist
59%
Signature Floppy / Effective Means / And So It Rises Again Semmelweis
59%
Expiation / Night Watch / Infernal Mercy Sentinel
59%
The Horror's Delight / In Mother's Arms / Please, Come On In Tuesday
59%
Hag's Advice / Hag's Gratitude / In the Fire, In the Shadow Willow
59%
Knock, Knock / Cotton Kite / A Dream That Never Grows Old Flutterpage
53%
Subconscious / Association / Id, Ego, and Superego Kakania
53%
Haunting Pain / Martyr of the Abyss / Weaver of Light / Divine Yoik Nautika
53%
Apprentice's Dance / Spirit Medium / Edict of Atman Shamane
53%
Triple the Dose! / Concentrated Essence! / Mix Them All Up! Sotheby
53%
Empty Gums / Lullaby / Song for the Bad Tooth Tooth Fairy
53%
Beating Heart / Wordless Song / Bright Prospect Vila
53%
Anode and Cathode / Coffee of Tea / Minimalism and Maximalism X
53%
Vigor Handbag / Vintage Handfan / Anecdotes in Exeter Eternity
47%
Protection to the Body / Stimulus to the Mind / Compassion All-Round Ezra
47%
Old Bones / Unique Bearing / I Shall Walk, Exist, and Know Getian
47%
White Blankie / Good Friends / Gaze From the Forest Jessica
47%
A Greeting / Check Carefully / Hawaiian Archery Leilani
47%
Crosswind Takeoff / Aerial Maneuvers / A Small Trick Lilya
47%
Power of Speed / Electric Surge / A Step Forward Lucy
47%
Inherent Habit / Alchemy Ware / 26 Secondary Reactions Medicine Pocket
47%
Treat for the Ears / Challenge for the Eyes / Sleepless Rave Regulus
47%
Commandment V / Exhortation IX / Unrestricted Chant Sonetto
47%
Disciplinary Power / Idealist's Declaration / Reflections of Omniscience Aleph
41%
Iridescent White / Equal Amount of Light / Insignificant Achievements APPLe
41%
Cascading Arpeggios / Music of the Heart / Sea Breeze Serenade Barcarola
41%
Wind into the Woods / Early Dawn / Silence in the Woods Druvis III
41%
Work of Genius / Attention Everyone / Instant of Prediction Matilda
41%
Restless Souls / Self-Focusing / Morning Star for the Night Mercuria
41%
The Past Shattered / The Future Reclaimed / Astray No More Moldir
41%
Experimental Montage / Stunt Take / Climactic Moment Noire
41%
Scanning Mode / Brown Noise / The Sum of Infinity Ulrich
41%
Starlight Sonata / Concerto in D-fense / Galaxy on the Strings Voyager
41%
"Stronger than Ares." / "Better than Apollo!" / Sun of Fear Alexios
35%
Watch Her Sleeves / Prying Ear / Uninvited Reviewer Bkornblume
35%
Victorious General / Outdoor Superstar / Reality Show Premiere Centurion
35%
Deep Vortex / Converging Mirror / To the Universe in the Alley Door
35%
On the Shore / The Call of the Sea / A Drifting Song Lorelei
35%
BupDese / LeEe Frequency / A Bit of Truth Unveiled Ms. Radio
35%
Dirty Thing / Poor Sod / Nosier Than Me Pavia
35%
Nihilism Abuse / Hedonism Implement / Thus Spoke ___ Pickles
35%
Metaphysical Conceit / Literary Imagery / Maze of Visceral Realism Recoleta
35%
Rehabilitation / Practicability / Long Long Journey Windsong
35%
Justice / Glory / After AD 778 A Knight
29%
Greetings! / Wish You Good Health / One Stroke After Another Avgust
29%
Keep Up the Pace! / Hop On! / Giddy Up, Mate! Brimley
29%
The Onlooker / The Witness / A Picture at a Price Click
29%
Bottoms Up / Baijiu Ladle / Baijiu and Mayhem Jiu Niangzi
29%
Colors From Space / For Everyone / Reach for the Stars Kiperina
29%
Double Backups / Winning Chips / More than Alchemy Lopera
29%
Circular Maneuvers / As You Wish / Etched in Snow Name Day
29%
___ / Noise in the Field / Dedicated Straw Doctor Rabies
29%
Pincer Movement / Hide and Seek / Good Children Sleep Well Twins Sleep
29%
Action Taker / Words of Water / The Rapids Know All Yenisei
29%
Sparrow / Paper / Poem, Island, Breeze Зима
24%
Troubled Sleep / Chat on the Lawn / Another Jump This Way Barbara
24%
Custom Bottle / Sweet Gloves / ___ Medal Cert Bunny Bunny
24%
Mixed Doubles! / The Only Family! / Beep Beep Bop Bop, Plappy! Desert Flannel
24%
Power / Justice / Maverick Judge Dikke
24%
Old Pocket Watch / Finger Lens / Between Superficiality and Reality Eagle
24%
Heavy Axe / Wooden Warship / Glory to the Jarl Erick
24%
Not a Decoration! / A True Genius! / 65,536 Bytes John Titor
24%
Not Fake News / Just A Show / Frequent Phenomena ONiON
24%
Prank / Whispering Words / The Sun Is Not Gentle Poltergeist
24%
The Sage / ___ / Unexpected and Improvised The Fool
24%
Cyber Defense / Electricity Security / Unplug It, Now! TTT
24%
Opening Ceremony / Beating Heart / Indomitable Fire, Scorching Heart Ulu
24%
The Spotted / No Ill Intent / Future Interstellar War: Prelude aliEn T
18%
I Thank You Nature! / I Salute You, Pals! / The Nutcracker Super Squad Buddy Fairchild
18%
Long Live Peace / Bubblism / Sweet Dreams for You Diggers
18%
A Silver Bullet / A Dance / More Deadly than the Big Bad Wolves Mondlicht
18%
Potter / Mentor / Unique Tools Ms. Moissan
18%
Working Hours / Ten Minutes Later / Meaningless as Expected Oliver Fog
18%
Handcuffed Thief / Dancer of Izu / Walk Down the Sakura Satsuki
18%
Dud / Slight Breeze / A Good Dream Tonight Sweetheart
18%
Port Side Barrage / Prepare to Board! / Boundless Sea, Limitless Sky White Rum
18%
Tea Party / Cough Syrup / Tea with Friends Baby Blue
12%
Classic Shot / Important Part / Every Audition Bette
12%
Thunder to Thee! / Tempest to Thee! / I Stand Alone on the Stage Charlie
12%
"Spring Elfin" / Spring Elfin / Another Version of the Legend La Source
12%
A Must-See! / A Mind-Blower! / Cinema Binge Loggerhead
12%
Lethal Melody / Makeshift Inventions / A Veteran's Regards Mr. Duncan
12%
Old Idea / A New Wave / The Future Is Near Ms. NewBabel
12%
Wild Rose / Midsummer Vine / Forest Eulogy Nick Bottom
12%
Competitive Differentiation / To Future Business / Bridge the Gap Pioneer
12%
Revolving Momentum / Silent Observation / NDA Keeper Sputnik
12%
Caged Bird / Dustless Blossom / This is Radiotherapy Cristallo
6%
___ Trample / Commanding Aura / Great Inspirer Darley Clatter
6%
Magnetic Current / Inhibition Ring / Artificial Somnambulism Therapy Mesmer Jr.
6%
No matching quizzes found
Score Distribution
Percent of People with Each Score
Percentile by Number Answered
Your Score History
You have not taken this quiz